Welcome to CU Library Online Public Access Catalogue (OPAC)

Bridges not walls : (Record no. 4395)

MARC details
000 -LEADER
fixed length control field 00732pam a2200217 a 4500
001 - CONTROL NUMBER
control field 4033250
005 - DATE AND TIME OF LATEST TRANSACTION
control field 20250226201747.0
008 - FIXED-LENGTH DATA ELEMENTS--GENERAL INFORMATION
fixed length control field 980331s1999 maua b 001 0 eng
020 ## - INTERNATIONAL STANDARD BOOK NUMBER
International Standard Book Number 0072904356 (alk. paper)
050 00 - LIBRARY OF CONGRESS CALL NUMBER
Classification number BF637.C45
Item number B74 1999
082 00 - DEWEY DECIMAL CLASSIFICATION NUMBER
Classification number 158.2
Edition information 21
245 00 - TITLE STATEMENT
Title Bridges not walls :
Remainder of title a book about interpersonal communication /
Statement of responsibility, etc. edited by John Stewart.
250 ## - EDITION STATEMENT
Edition statement 7th ed.
260 ## - PUBLICATION, DISTRIBUTION, ETC.
Place of publication, distribution, etc. Boston :
Name of publisher, distributor, etc. McGraw Hill College,
Date of publication, distribution, etc. c1999.
300 ## - PHYSICAL DESCRIPTION
Extent xvi, 603 p. :
Other physical details ill. ;
Dimensions 24 cm.
500 ## - GENERAL NOTE
General note Includes Index
650 #0 - SUBJECT ADDED ENTRY--TOPICAL TERM
Topical term or geographic name entry element Interpersonal communication.
700 1# - ADDED ENTRY--PERSONAL NAME
Personal name Stewart, John Robert,
Dates associated with a name 1941-
856 42 - ELECTRONIC LOCATION AND ACCESS
Materials specified Publisher description
Uniform Resource Identifier <a href="http://www.loc.gov/catdir/description/mh023/98018700.html">http://www.loc.gov/catdir/description/mh023/98018700.html</a>
942 ## - ADDED ENTRY ELEMENTS (KOHA)
Source of classification or shelving scheme Library of Congress Classification
Koha item type Books
Suppress in OPAC No
999 ## -
-- 4395
-- 4395
Holdings
Withdrawn status Lost status Source of classification or shelving scheme Damaged status Not for loan Collection Home library Current library Shelving location Date acquired Total checkouts Full call number Barcode Date last seen Copy number Price effective from Koha item type
    Library of Congress Classification     Non-fiction Business Library (Miotso) Business Library (Miotso) General stacks 02/26/2025   BF 637.C45 BRI BSSM00001052 02/26/2025 1 02/26/2025 Books
© 2023-2024 Copyright: Central University Libraries. All Rights Reserved | Created by: Mahone Tech Office